00722nam a2200181 i 4500003000900000005001700009007000300026008004100029040003000070082002800100110012900128245010000257264007100357300002600428336002600454337003200480338002800512DO-SdBNP20250321135402.0ta250321e2000 dr 000 0 spa d aDO-SdBNPbspacBNPHUerda 4a551.6 bC733c, 2000222 aComisión Nacional de Seguimiento a los Acuerdos de la Conferencia de las Naciones Unidas sobre Medio Ambiente y Desarrollo10aConvención Marco de las Naciones Unidas sobre el cambio climático y su protocolo de Kioto / 1aSanto Domingo :b[Secretariado Técnico de la Presidencia,c2000. a80 páginas :c21 cm atextobtxt2rdaconten asin mediciónbn2rdamedia avolumenbnc2rdacarrier